Top 10 Most Powerful Countries - Statistics

General Stats
  • This quiz has been taken 112 times
  • The average score is 9 of 10
Answer Stats
Countries % Correct
United States
100%
China
98%
Germany
98%
Russia
98%
United Kingdom
98%
France
96%
Japan
93%
Italy
92%
Canada
88%
Netherlands
36%
No matching quizzes found
Score Distribution
Percent of People with Each Score
Percentile by Number Answered
Your Score History
You have not taken this quiz